000 01247pam a2200349 a 4500
999 _c1862
_d1862
001 3887405
003 OSt
005 20210701064517.0
008 900611s1990 gw a b 101 0 eng c
010 _a 90010030
020 _a3540520317 (alk. paper)
020 _a0387520317 (alk. paper : U.S.)
040 _aDNLM/DLC
_cALUPE UNIVERSITY
_dDLC
050 0 0 _aRC68
_b.A6 U5 1990
060 _aWG 298 U587 1989
082 0 0 _a616.1/22
_220
245 0 0 _aUnstable angina /
_cW. Bleifeld, C.W. Hamm, E. Braunwald (eds.).
260 _aBerlin ;
_aNew York :
_bSpringer-Verlag,
_cc1990.
300 _axi, 270 p. :
_bill. (some col.) ;
_c24 cm.
500 _aBased on a symposium held in Hamburg, June 3-4, 1989.
504 _aIncludes bibliographical references and index.
650 0 _aAngina pectoris
_xCongresses.
650 2 _aAngina Pectoris
_xdiagnosis
_xcongresses.
650 2 _aAngina Pectoris
_xtherapy
_xcongresses.
650 2 _aMyocardial Infarction
_xprevention & control
_xcongresses.
700 1 _aBleifeld, W.
_q(Walter)
700 1 _aHamm, C. W.
_q(Christian W.)
700 1 _aBraunwald, Eugene,
_d1929-
906 _a7
_bcbc
_corignew
_d1
_eocip
_f19
_gy-gencatlg
942 _2lcc
_cBK
_nPW